00539nam a2200133Ia 4500008004100000100002300041245011400064260002600178300001800204650001200222856007900234999001900313952007300332160712s9999 xx 000 0 und d aToralba, Joanna V. cJoanna V. ToralbaaRP-HPLC Analysis of Quercetin in the Extract of Sambong (Blumea balsamifera (L) DC) Leaves c2015bScience Diliman avol. 27 no. 1 xSCIENCE uhttp://journals.upd.edu.ph/index.php/sciencediliman/issue/view/480/showToc c297108d297108 001040aCLbCLd2016-07-12l0r2016-07-12 00:00:00w2016-07-12yFEJ